Giáo trình xây dựng mặt đường ô tô

Giáo trình phục vụ cho việc đào tạo kỹ sư ngành "Xây dựng cầu đường", "đường ôtô và đường đô thị" và "đường ôtô sân bay". Giáo trình gồm có 2 tập. Cuốn Tập 2 này gồm có 4 chương: Chương 5: Khái niệm về mặt đ...

সম্পূর্ণ বিবরণ

সংরক্ষণ করুন:
গ্রন্থ-পঞ্জীর বিবরন
প্রধান লেখক: Dương, Học Hải
বিন্যাস: গ্রন্থ
ভাষা:Undetermined
প্রকাশিত: Hà Nội Giáo dục 2008
বিষয়গুলি:
ট্যাগগুলো: ট্যাগ যুক্ত করুন
কোনো ট্যাগ নেই, প্রথমজন হিসাবে ট্যাগ করুন!
Thư viện lưu trữ: Trung tâm Học liệu Trường Đại học Cần Thơ
LEADER 01360nam a2200217Ia 4500
001 CTU_136794
008 210402s9999 xx 000 0 und d
020 |c 30000 
082 |a 625.7 
082 |b H103/T.2 
100 |a Dương, Học Hải 
245 0 |a Giáo trình xây dựng mặt đường ô tô 
245 0 |c Trần Đình Bửu, Dương Học Hải 
260 |a Hà Nội 
260 |b Giáo dục 
260 |c 2008 
520 |a Giáo trình phục vụ cho việc đào tạo kỹ sư ngành "Xây dựng cầu đường", "đường ôtô và đường đô thị" và "đường ôtô sân bay". Giáo trình gồm có 2 tập. Cuốn Tập 2 này gồm có 4 chương: Chương 5: Khái niệm về mặt đường nhựa, yêu cầu về vật liệu ; Chương 6: Mặt đường nhựa làm bằng phương pháp láng mặt và thấm nhập ; Chương 7: Vật liệu và công nghệ thi công mặt đương nhựa ; Chương 8: Xây dựng mặt đường bê tông xi măng. 
650 |a Đường lộ,Roads 
650 |x Thiết kế và thi công,Design and construction 
904 |i Trọng Hiếu 
980 |a Trung tâm Học liệu Trường Đại học Cần Thơ